|
|
|
|
| LEADER |
00000nam0a2200000 4500 |
| 001 |
13313 |
| 005 |
20231030184930.0 |
| 010 |
|
|
|a 5859910282
|
| 035 |
|
|
|a (RuTPU)RU\TPU\book\13395
|
| 035 |
|
|
|a BOOK00013463
|
| 090 |
|
|
|a 13313
|
| 100 |
|
|
|a 20011209d1999 m y0rusy50 ca
|
| 101 |
0 |
|
|a rus
|
| 102 |
|
|
|a RU
|
| 105 |
|
|
|a y z 000zy
|
| 200 |
1 |
|
|a Право и экономика
|a инвестиционное консультирование
|f М. Н. Бродский, Г. М. Бродский
|
| 210 |
|
|
|a СПб.
|d 1999
|c [Б. и.]
|
| 215 |
|
|
|a 496 с.
|
| 610 |
1 |
|
|a экономика
|
| 610 |
1 |
|
|a право
|
| 610 |
1 |
|
|a инвестиции
|
| 610 |
1 |
|
|a инвестиционное консультирование
|
| 610 |
1 |
|
|a инвестиционная деятельность
|
| 610 |
1 |
|
|a венчурный капитал
|
| 610 |
1 |
|
|a ценные бумаги
|
| 610 |
1 |
|
|a финансовый анализ
|
| 610 |
1 |
|
|a франчайзинг
|
| 610 |
1 |
|
|a толлинг
|
| 610 |
1 |
|
|a инжиниринг
|
| 610 |
1 |
|
|a клиринг
|
| 686 |
|
|
|a У9(2)0-56
|v LBC/SL-A
|2 rubbk
|
| 700 |
|
1 |
|a Бродский
|b М. Н.
|g Михаил Наумович
|
| 701 |
|
1 |
|a Бродский
|b Г. М.
|g Григорий Михайлович
|
| 801 |
|
0 |
|a RU
|b 63413507
|c 20011209
|g PSBO
|
| 801 |
|
2 |
|a RU
|b 63413507
|c 20120919
|g PSBO
|
| 942 |
|
|
|c BK
|